000 00503nam a2200169 a 4500
005 20140412111321.0
008 001113s19uu xx 00 eng d
020 _a0-307-30105-2
050 _aER
_bMi66 1992
100 _aCadler, Lyn
245 _aMinni 'n me :
_bwhere's Fifi? /
_cby lyn Calder ; illustrated by Vacarro Associates, Inc.
260 _aNew York :
_bA Golden Book,
_c1992.
300 _a[23] p. ; ill.
650 _aAnimals -- Storie
650 _aAnimals -- Fiction
999 _c104392
_d104392